00514nam a2200193 a 4500001001300000003000900013005001700022008004100039020001000080082001300090100001500103245008100118260003500199300000900234500003500243505001000278650001700288700001500305nice12345678IN_TiNIC20260116011338.0050524s1958 newa grp 000 0 eng  ac18400a232bKNO aKnox, John aJesus Lord and Christb Comprising the Man Christ Jesus Chrit the Lord on th aNew YorkbHarper and Rowc1958 a278p aincludes index and biblioraphy2 aIndex aJesus Christ1 aKnox, John